=LDR 00000nam 2200000 4500 =001 INLIS000000000033301 =005 20130612135250 =008 ***********************************ind** =035 ##$$0010-061300000033301 =041 ##$$a ind =082 ##$$a 373.623 =090 ##$$a 373.623, Pen,p =245 ##$$a Pendidikan Kewarganegaraan di Perguruan Tinggi, H.Tukiran Taniredja [et al] =260 ##$$a 2009 $b Bandung =300 ##$$a xiv,230 hlm., 23 cm =650 ##$$a Kewarganegaraan =700 ##$$a Taniredja,H.Tukiran [et al] =850 ##$$a NBPNMAT =990 ##$$a 0001/BPAP-NTB/20142014 =990 ##$$a 1262112621 =990 ##$$a 21004014 =990 ##$$a 0001/BPAP-NTB/20142014